| 000 | 01360nam a2200397Ii 4500 | ||
|---|---|---|---|
| 001 | DIGVERBUM0068 | ||
| 003 | NyNyDIG | ||
| 006 | m o d | ||
| 007 | cr ||||||||||| | ||
| 008 | 150303s1996 sp o 000 p spa d | ||
| 035 | _a(OCoLC)908241797 | ||
| 040 |
_aDGITA _beng _erda _epn _cDGITA |
||
| 020 | _z8479620897 | ||
| 020 | _z9788479620899 | ||
| 043 | _as-ag--- | ||
| 050 | 1 | 4 | _aPQ7798.23.A63 eBook |
| 100 | 1 |
_aMarinza, Rosario, _eauthor. |
|
| 245 | 1 | 0 |
_aAgua / _cRosario Marinaz. |
| 264 | 1 |
_aMadrid : _bEditorial Verbum, _c1996. |
|
| 300 | _a1 online resource (57 pages) | ||
| 336 |
_atext _btxt _2rdacontent |
||
| 337 |
_acomputer _bc _2rdamedia |
||
| 338 |
_aonline resource _bcr _2rdacarrier |
||
| 490 | 1 | _aVerbum poesía | |
| 500 | _aPoems | ||
| 588 | 0 | _aOnline resource; title from ePub and PDF title page (Digitalia, viewed March 20, 2015)\ | |
| 650 | 0 |
_aArgentine poetry _y20th century. |
|
| 655 | 0 | _aElectronic books. | |
| 791 | 2 |
_aDigitalia (Firm), _edistributor. |
|
| 793 | 0 |
_gDigitalia eBook Collection: _aVerbum |
|
| 776 | 0 | 8 |
_iPrint version: _aMarinza, Rosario. _tAgua. _dMadrid : Editorial Verbum, 1996 _z9788479620899 _w(OCoLC)37861320 |
| 830 | 0 | _aPoesía (Editorial Verbum) | |
| 856 | 4 | 0 |
_3Digitalia Hispánica _uhttps://www.digitaliapublishing.com/a/31108/ |
| 910 | _aPremium Collection: 2015 | ||
| 942 | _cRAA | ||
| 999 |
_c240843 _d240843 |
||